| 000 | 00733nac a22001931u 4500 | ||
|---|---|---|---|
| 010 | _a95009800 | ||
| 020 | _a0262231867 (hc) | ||
| 020 | _a8120313607 | ||
| 082 | 0 | 0 |
_a005.2 _bW7462 |
| 090 |
_c731 _d731 |
||
| 100 | _aWilson, Greg, | ||
| 245 | 1 | 0 |
_aPractical parallel programming / _cGregory V. Wilson. |
| 260 |
_aNew Delhi : _bPrentice Hall of India, _cc2002. |
||
| 300 |
_aviii, 564 p. : _bill. ; _c24 cm. |
||
| 504 | _aIncludes bibliographical references (p. [543]-552) and index. | ||
| 650 | 0 | _aParallel programming (Computer science) | |
| 942 |
_cBB _k005.2W7462 |
||
| 999 |
_c731 _d731 |
||